| 000 | 00516nam a2200181 4500 | ||
|---|---|---|---|
| 001 | 123490 | ||
| 003 | ES-MaACL | ||
| 005 | 20250822063202.0 | ||
| 007 | t| | ||
| 008 | 070214s1954 sp r ||||1| spa d | ||
| 100 | 1 |
_aRàfols, Josep F., _d1889-1965 _9132216 |
|
| 245 | 1 | 3 |
_aEl arte romántico en España / _cJ. F. Ráfols [sic]. |
| 250 | _a1ª ed. | ||
| 260 |
_aBarcelona : _bJuventud, _c1954. |
||
| 300 |
_a293 p. : _bil. ; _c25 cm. |
||
| 852 |
_aES-MaACL _jC-9041 _bR.37112 |
||
| 999 |
_c123490 _d123490 |
||